Statistics for Friends Characters

Click here to take the quiz!

General Stats

  • This quiz has been taken 905 times
  • The average score is 28 of 35

Answer Stats

HintAnswer% Correct
Ross' 1st ex wifeCarol Willick
96%
Ross' English ex wifeEmily Waltham
95%
"Ohhhh myyyyy goddddd"Janice
95%
Ross and Carols sonBen Geller
94%
Married ChandlerMonica Geller
94%
Had an on/off relationship with RossRachel Green
94%
Joeys flatmate and best friendChandler Bing
93%
Monicas older manDr. Richard Burke
93%
Monicas brother.Dr. Ross Geller
93%
Manager of Central PerkGunther
93%
The creator of "Smelly Cat"Phoebe Buffay
93%
"How you doing?"Joey Tribbiani
91%
Carols partnerSusan Bunch
91%
Married PhoebeMike Hannigan
90%
Joeys agentEstelle Leonard
88%
Ross & Monicas dadJack Geller
88%
Phoebes brotherFrank Buffay Jr.
86%
Ross & Monicas mumJudy Geller
86%
Ross' monkeyMarcel
84%
Split up with phoebe to go to MinskDavid
81%
Rachels other sisterAmy Green
77%
Had Monica and Chandlers TwinsErica
77%
Kissed Chandler whilst dating JoeyKathy
77%
Monicas millionaire boyfriendPete Becker
77%
The student Ross datedElizabeth Stevens
75%
Rachels sisterJill Green
72%
Lived below Monica and RachelMr. Heckles
71%
She dumped Joey for RossCharlie Wheeler
70%
Chandlers mentally unstable flatmateEddie Menuek
67%
Joeys 1st female flatmateJanine Lecroix
65%
Chandlers mumNora Tyler Bing
64%
Rachels first boyfriend on the showPaolo
63%
Phoebes sister in lawAlice Knight Buffay
62%
Chandlers dadCharles Bing
48%
The maintenance man in Monicas buildingMr. Treeger
48%

Score Distribution

Percentile by Number Answered

Percent of People with Each Score

Your Score History

You have not taken this quiz